Database systems : (Record no. 195440)
[ view plain ]
| 000 -LEADER | |
|---|---|
| fixed length control field | 00822nam a2200229Ia 4500 |
| 003 - CONTROL NUMBER IDENTIFIER | |
| control field | OSt |
| 005 - DATE AND TIME OF LATEST TRANSACTION | |
| control field | 20220704110407.0 |
| 008 - FIXED-LENGTH DATA ELEMENTS--GENERAL INFORMATION | |
| fixed length control field | 210716s2014 xx 000 0 und d |
| 020 ## - INTERNATIONAL STANDARD BOOK NUMBER | |
| International Standard Book Number | 9788131792476 |
| 040 ## - CATALOGING SOURCE | |
| Transcribing agency | AIMIT LIBRARY |
| 041 ## - LANGUAGE CODE | |
| Language code of text/sound track or separate title | eng |
| 082 ## - DEWEY DECIMAL CLASSIFICATION NUMBER | |
| Classification number | 005.74 |
| Edition number | 6 |
| Item number | ELMR |
| 100 ## - MAIN ENTRY--PERSONAL NAME | |
| Personal name | Elmasri, Ramez. |
| 9 (RLIN) | 46845 |
| 245 ## - TITLE STATEMENT | |
| Title | Database systems : |
| Remainder of title | models languages design and application programming / |
| Statement of responsibility, etc. | By Ramez Elmasri and Shamkant B. Navathe. |
| 250 ## - EDITION STATEMENT | |
| Edition statement | 6th ed. |
| 260 ## - PUBLICATION, DISTRIBUTION, ETC. | |
| Place of publication, distribution, etc. | New Delhi : |
| Name of publisher, distributor, etc. | Pearson Education , |
| Date of publication, distribution, etc. | 2014 . |
| 300 ## - PHYSICAL DESCRIPTION | |
| Extent | xxv, 1214p. ; |
| Other physical details | PB |
| Dimensions | 23.5 cm. |
| 650 ## - SUBJECT ADDED ENTRY--TOPICAL TERM | |
| Topical term or geographic name entry element | Conceptual data modeling using entities and relationships |
| 9 (RLIN) | 46846 |
| 650 ## - SUBJECT ADDED ENTRY--TOPICAL TERM | |
| Topical term or geographic name entry element | Introduction to query processing and query optimization techniques |
| 9 (RLIN) | 46847 |
| 700 ## - ADDED ENTRY--PERSONAL NAME | |
| Personal name | Navathe, Shamkant B. |
| 9 (RLIN) | 46848 |
| 942 ## - ADDED ENTRY ELEMENTS (KOHA) | |
| Source of classification or shelving scheme | Dewey Decimal Classification |
| Koha item type | Book |
| Edition | 6th |
| Call number prefix | 005.74 ELMR |
| Withdrawn status | Lost status | Source of classification or shelving scheme | Damaged status | Not for loan | Collection code | Home library | Current library | Source of acquisition | Cost, normal purchase price | Inventory number | Total Checkouts | Full call number | Barcode | Date last seen | Date last checked out | Cost, replacement price | Price effective from | Koha item type |
|---|---|---|---|---|---|---|---|---|---|---|---|---|---|---|---|---|---|---|
| Dewey Decimal Classification | MCA | St Aloysius Institute of Management & Information Technology | St Aloysius Institute of Management & Information Technology | Knowledge World | 849.00 | Billno:281;Billdt:2016-10-07 | 1 | 005.74 ELMR | MCA14949 | 05/23/2026 | 01/31/2023 | 636.75 | 07/16/2021 | Book |